<The> impacts of the global financial crisis on agriculture in Central and Eastern Europe and in Central Asia

Súčasná globálna finančná kríza spôsobila značnú recesiu v mnohých krajinách na svete. Sprievodné javy recesie. Recesia zasiahla aj poľnohospodársky sektor. Riešenie vzniknutých problémov.

Na minha lista:
Detalhes bibliográficos
Autor principal: Kadlečíková, Mária
Outros Autores: Kapsdorferová, Zuzana, Filo, Michal
Formato: Capítulo de Livro
Idioma:inglês
Assuntos:
Tags: Adicionar Tag
Sem tags, seja o primeiro a adicionar uma tag!

MARC

LEADER 00000naa a2200000 4500
001 0167179
005 20221103131156.4
041 0 |a eng 
044 |a SK 
245 1 0 |a <The> impacts of the global financial crisis on agriculture in Central and Eastern Europe and in Central Asia  |c Mária Kadlečíková, Zuzana Kapsdorferová, Michal Filo 
520 |a Súčasná globálna finančná kríza spôsobila značnú recesiu v mnohých krajinách na svete. Sprievodné javy recesie. Recesia zasiahla aj poľnohospodársky sektor. Riešenie vzniknutých problémov. 
610 2 0 |a kríza finančná 
610 2 0 |a svet 
610 2 0 |a recesia 
610 2 0 |a poľnohospodárstvo 
610 2 0 |a SVE 
610 2 0 |a stredná Ázia 
100 1 |a Kadlečíková, Mária 
700 1 |a Kapsdorferová, Zuzana 
700 1 |a Filo, Michal